Statistics for 名字含“山”的县区 Counties with “mountain” in their names

Click here to take the quiz!

General Stats

  • This quiz has been taken 20 times
  • The average score is 79 of 152

Answer Stats

地级行政区县区% Correct
海南省直辖五指山市
84%
黄山市黄山区
84%
上海市金山区
84%
文山壮族苗族自治州文山市
79%
泰安市泰山区
79%
深圳市 | 鹤岗市南山区
79%
上海市 | 双鸭山市宝山区
79%
北京市房山区
79%
徐州市铜山区
74%
南平市武夷山市
74%
衡阳市衡山县
74%
桂林市象山区
74%
宁波市象山县
74%
青岛市崂山区
74%
苏州市昆山市
74%
淄博市博山区
74%
烟台市莱山区
68%
北京市石景山区
68%
赤峰市松山区
68%
临沂市兰山区
68%
日照市岚山区
68%
辽源市龙山区
68%
包头市 | 武汉市青山区
68%
深圳市坪山区
68%
鹤壁市鹤山区
68%
济宁市梁山县
68%
湘西土家族苗族自治州龙山县
68%
江门市鹤山市
68%
乐山市峨眉山市
68%
重庆市巫山县
68%
烟台市福山区
68%
昆明市西山区
68%
鹤岗市东山区
68%
漳州市东山县
68%
黔南布依族苗族自治州独山县
68%
兴安盟阿尔山市
63%
秦皇岛市山海关区
63%
海口市琼山区
63%
荆门市京山市
63%
朔州市山阴县
63%
大连市中山区
63%
威海市乳山市
63%
无锡市惠山区
63%
武汉市洪山区
63%
赤峰市红山区
63%
无锡市锡山区
63%
榆林市横山区
63%
鸡西市恒山区
63%
乌鲁木齐市天山区
63%
马鞍山市雨山区
58%
衢州市常山县
58%
九江市庐山市
58%
博尔塔拉蒙古自治州阿拉山口市
58%
商洛市山阳县
58%
杭州市萧山区
58%
焦作市山阳区
58%
贵阳市观山湖区
58%
合肥市蜀山区
58%
马鞍山市花山区
58%
江门市台山市
58%
重庆市秀山土家族苗族自治县
53%
上饶市铅山县
53%
上饶市玉山县
53%
六盘水市钟山区
53%
贺州市钟山县
53%
济宁市微山县
53%
梧州市蒙山县
53%
克拉玛依市独山子区
53%
马鞍山市含山县
53%
舟山市岱山县
53%
永州市蓝山县
53%
信阳市光山县
53%
福州市仓山区
53%
重庆市璧山区
53%
吉安市井冈山市
53%
衢州市江山市
53%
岳阳市君山区
47%
宜宾市屏山县
47%
铜仁市万山区
47%
邯郸市邯山区
47%
徐州市泉山区
47%
南昌市青山湖区
47%
锦州市黑山县
47%
十堰市竹山县
47%
湘潭市韶山市
47%
六安市霍山县
47%
石家庄市平山县
47%
淮南市八公山区
47%
信阳市罗山县
47%
南宁市马山县
47%
清远市连山壮族瑶族自治县
47%
葫芦岛市连山区
47%
本溪市平山区
47%
盘锦市盘山县
47%
桂林市雁山区
42%
临汾市浮山县
42%
清远市阳山县
42%
黄冈市英山县
42%
沧州市盐山县
42%
河池市凤山县
42%
黄石市铁山区
42%
淮北市相山区
42%
蚌埠市蚌山区
42%
宿州市砀山县
42%
益阳市赫山区
42%
临夏回族自治州积石山保安族东乡族撒拉族自治县
42%
雅安市名山区
42%
眉山市彭山区
42%
鞍山市立山区
42%
宝鸡市岐山县
42%
运城市稷山县
42%
天水市武山县
37%
齐齐哈尔市碾子山区
37%
文山壮族苗族自治州砚山县
37%
宜昌市兴山县
37%
鹤岗市兴山区
37%
铁岭市调兵山市
37%
玉溪市峨山彝族自治县
37%
黄石市西塞山区
37%
安庆市潜山市
37%
鞍山市千山区
37%
怒江傈僳族自治州贡山独龙族怒族自治县
37%
大理白族自治州巍山彝族回族自治县
37%
鹤壁市山城区
37%
张掖市山丹县
37%
咸宁市通山县
37%
枣庄市山亭区
37%
来宾市合山市
37%
钦州市灵山县
32%
淮北市烈山区
32%
平顶山市鲁山县
32%
鸡西市麻山区
32%
鸡西市密山市
32%
双鸭山市尖山区
32%
雅安市芦山县
32%
伊春市大箐山县
32%
湛江市霞山区
32%
和田地区皮山县
32%
吕梁市方山县
32%
本溪市明山区
26%
北海市铁山港区
26%
南充市营山县
26%
遂宁市船山区
26%
齐齐哈尔市克山县
26%
驻马店市确山县
26%
景德镇市珠山区
26%
黔东南苗族侗族自治州雷山县
26%
七台河市桃山区
21%
赤峰市元宝山区
21%

Score Distribution

Percentile by Number Answered

Percent of People with Each Score

Your Score History

You have not taken this quiz